Normal view
MARC view
- Lugo Viña, Nicasio
Entry Nombre Personal
001 - NUMERO DE CONTROL
- campo de control: 51918
003 - IDENTIFICADOR DE NUMERO DE CONTROL
- campo de control: MX-MxUPN
005 - FECHA Y HORA DE LA ÜLTIMA TRANSACCIÓN
- campo de control: 20240513132713.0
008 - DATOS DE LONGITUD FIJA
- campo de control de longitud fija: 240513|| aca||aabn | a|a d
040 ## - FUENTE DE CATALOGACIÓN
- Agencia original de catalogación: MX-MxUPN
- Lenguaje de catalogación: spa
- Agencia de transcripción: MX-MxUPN
100 1# - ENCABEZAMIENTO - NOMBRE PERSONAL
- Nombre personal: Lugo Viña, Nicasio
670 ## - FUENTE EN LA QUE SE LOCALIZARON DATOS
- Cita de la fuente: Geometría explicativa : clave de los cuadros murales de geometría, 1891:
- Información localizada: portada (Nicasio Lugo Viña)
902 ## - CATALOGADOR
- Catalogador: MaríaRobles/130524
